Animated Movies by Sad People (slideshow) Quiz Stats

Quiz not verified by Sporcle

Challenge
Share
Tweet
Score 0/25 Timer 10:00
0 Plays Today
% Correct
The Lion King
99.7%
Up
98.6%
Monsters, Inc.
96.9%
Brave
96.9%
Mulan
95.6%
Dumbo
95.4%
Aladdin
95.3%
Toy Story 2
94.5%
Alice in Wonderland
94.5%
Frozen
94.4%
The Little Mermaid
94.4%
Finding Nemo
94.1%
Chicken Little
93.8%
% Correct
Lilo and Stitch
93.5%
Tangled
93.2%
Shrek 2
92%
Beauty and the Beast
91.7%
The Polar Express
91.3%
The Princess and the Frog
90%
The Fox and the Hound
88.2%
Hercules
87%
Wreck-It Ralph
73.3%
The Last Unicorn
32.6%
Howl's Moving Castle
31.3%
Hotel Transylvania
29.8%

You're not logged in!

Compare scores with friends on all Sporcle quizzes.
Join for Free
OR
Log In

You Might Also Like...

Show Comments

Extras

Top Quizzes Today


Score Distribution

Your Account Isn't Verified!

In order to create a playlist on Sporcle, you need to verify the email address you used during registration. Go to your Sporcle Settings to finish the process.

Report this User

Report this user for behavior that violates our Community Guidelines.

Details: